Vista normal Vista MARC

Entrada Materia (personas)

Número de registros utilizados en: 1

001 - CONTROL NUMBER

  • control field: 28403

003 - CONTROL NUMBER IDENTIFIER

  • control field: Co-BoUCM

005 - DATE AND TIME OF LATEST TRANSACTION

  • control field: 20130213085557.0

008 - FIXED-LENGTH DATA ELEMENTS

  • fixed length control field: 130213|| aca||aabn | a|a d

040 ## - CATALOGING SOURCE

  • Original cataloging agency: Co-BoUCM
  • Transcribing agency: Co-BoUCM

100 ## - HEADING--PERSONAL NAME

  • Personal name: Petra, Pietro Antonio de
  • Dates associated with a name: 16th cent.

670 ## - SOURCE DATA FOUND

  • Source citation: Work cat.: (Co-BoUCM)67655: Petra, Pietro Antonio de 16th cent., De fideicommissis, et maxime ex prohibita alienatione resultantibus, 1603